<?xml version="1.0" encoding="UTF-8"?>
<record
    xmlns:xsi="http://www.w3.org/2001/XMLSchema-instance"
    xsi:schemaLocation="http://www.loc.gov/MARC21/slim http://www.loc.gov/standards/marcxml/schema/MARC21slim.xsd"
    xmlns="http://www.loc.gov/MARC21/slim">

  <leader>01368nam0a2200361   4500</leader>
  <controlfield tag="001">RU\NLR\bibl\1762425</controlfield>
  <controlfield tag="005">20250616124558.0</controlfield>
  <datafield tag="010" ind1=" " ind2=" ">
    <subfield code="a">978-5-9902761-1-6</subfield>
    <subfield code="9">30</subfield>
  </datafield>
  <datafield tag="021" ind1=" " ind2=" ">
    <subfield code="a">RU</subfield>
    <subfield code="b">2011-25722</subfield>
    <subfield code="9">1831</subfield>
  </datafield>
  <datafield tag="035" ind1=" " ind2=" ">
    <subfield code="a">(nilc)RSL-KNO-004926645</subfield>
  </datafield>
  <datafield tag="035" ind1=" " ind2=" ">
    <subfield code="a">(NLR Aleph) 001753232</subfield>
  </datafield>
  <datafield tag="090" ind1=" " ind2=" ">
    <subfield code="a">1531997</subfield>
    <subfield code="c">1531997</subfield>
  </datafield>
  <datafield tag="100" ind1=" " ind2=" ">
    <subfield code="a">20110411d2011    |||y0rusy50      ca</subfield>
  </datafield>
  <datafield tag="101" ind1="0" ind2=" ">
    <subfield code="a">rus</subfield>
  </datafield>
  <datafield tag="102" ind1=" " ind2=" ">
    <subfield code="a">RU</subfield>
  </datafield>
  <datafield tag="105" ind1=" " ind2=" ">
    <subfield code="a">y   |||||||||</subfield>
  </datafield>
  <datafield tag="200" ind1="1" ind2=" ">
    <subfield code="a">&#x416;&#x435;&#x43D;&#x441;&#x43A;&#x438;&#x435; &#x438;&#x441;&#x442;&#x43E;&#x440;&#x438;&#x438;</subfield>
    <subfield code="f">&#x41C;&#x430;&#x440;&#x438;&#x43D;&#x430; &#x410;&#x437;&#x43E;&#x432;&#x441;&#x43A;&#x430;&#x44F;</subfield>
  </datafield>
  <datafield tag="210" ind1=" " ind2=" ">
    <subfield code="a">&#x41C;&#x43E;&#x441;&#x43A;&#x432;&#x430;</subfield>
    <subfield code="c">[&#x431;. &#x438;.]</subfield>
    <subfield code="d">2011</subfield>
  </datafield>
  <datafield tag="215" ind1=" " ind2=" ">
    <subfield code="a">267 &#x441;.</subfield>
    <subfield code="d">20</subfield>
  </datafield>
  <datafield tag="327" ind1="0" ind2=" ">
    <subfield code="a">&#x421;&#x43E;&#x434;&#x435;&#x440;&#x436;.: &#x423;&#x436;&#x430;&#x441;&#x43D;&#x43E;&#x435; &#x43F;&#x440;&#x43E;&#x440;&#x43E;&#x447;&#x435;&#x441;&#x442;&#x432;&#x43E;: &#x43F;&#x43E;&#x432;&#x435;&#x441;&#x442;&#x44C;; &#x440;&#x430;&#x441;&#x441;&#x43A;&#x430;&#x437;&#x44B;: &#x41C;&#x43E;&#x441;&#x43A;&#x43E;&#x432;&#x441;&#x43A;&#x430;&#x44F; &#x43A;&#x43E;&#x43C;&#x430;&#x43D;&#x434;&#x438;&#x440;&#x43E;&#x432;&#x43A;&#x430;; &#x41F;&#x43E;&#x435;&#x437;&#x434; &#x443;&#x448;&#x435;&#x43B;; &#x41D;&#x435; &#x434;&#x443;&#x43C;&#x430;&#x43B;&#x438;, &#x43D;&#x435; &#x433;&#x430;&#x434;&#x430;&#x43B;&#x438;; &#x41E;&#x436;&#x435;&#x440;&#x435;&#x43B;&#x44C;&#x435;; &#x421;&#x438;&#x43D;&#x435;&#x433;&#x43B;&#x430;&#x437;&#x43A;&#x430;; &#x41A;&#x43E;&#x432;&#x430;&#x440;&#x43D;&#x44B;&#x439; &#x443;&#x434;&#x430;&#x440; [&#x438; &#x434;&#x440;.]; &#x420;&#x430;&#x441;&#x441;&#x43A;&#x430;&#x437;&#x44B; &#x434;&#x43B;&#x44F; &#x434;&#x435;&#x442;&#x435;&#x439;; &#x43F;&#x44C;&#x435;&#x441;&#x430;: &#x417;&#x430;&#x440;&#x430;&#x437;&#x430; &#x43A;&#x440;&#x438;&#x437;&#x438;&#x441;&#x430;; &#x421;&#x442;&#x438;&#x445;&#x438; &#x440;&#x430;&#x437;&#x43D;&#x44B;&#x445; &#x43B;&#x435;&#x442;</subfield>
  </datafield>
  <datafield tag="686" ind1=" " ind2=" ">
    <subfield code="a">&#x428;5(2=&#x420;)75-6&#x44F;44</subfield>
    <subfield code="2">rubbk</subfield>
  </datafield>
  <datafield tag="686" ind1=" " ind2=" ">
    <subfield code="a">&#x428;6(2=&#x420;)8&#x44F;44</subfield>
  </datafield>
  <datafield tag="686" ind1=" " ind2=" ">
    <subfield code="a">&#x428;9(2)62=&#x420;7-4</subfield>
  </datafield>
  <datafield tag="700" ind1=" " ind2="1">
    <subfield code="a">&#x410;&#x437;&#x43E;&#x432;&#x441;&#x43A;&#x430;&#x44F;</subfield>
    <subfield code="b">&#x41C;.</subfield>
    <subfield code="g">&#x41C;&#x430;&#x440;&#x438;&#x43D;&#x430;</subfield>
    <subfield code="4">070</subfield>
  </datafield>
  <datafield tag="801" ind1=" " ind2="0">
    <subfield code="a">RU</subfield>
    <subfield code="b">RuMoRKP</subfield>
    <subfield code="c">20110411</subfield>
    <subfield code="g">rcr</subfield>
  </datafield>
  <datafield tag="801" ind1=" " ind2="1">
    <subfield code="a">RU</subfield>
    <subfield code="b">&#x420;&#x413;&#x411;</subfield>
    <subfield code="c">20110411</subfield>
  </datafield>
  <datafield tag="801" ind1=" " ind2="2">
    <subfield code="a">RU</subfield>
    <subfield code="b">NLR</subfield>
    <subfield code="c">20110422</subfield>
    <subfield code="g">rcr</subfield>
  </datafield>
  <datafield tag="942" ind1=" " ind2=" ">
    <subfield code="c">BOOK</subfield>
  </datafield>
  <datafield tag="980" ind1=" " ind2=" ">
    <subfield code="a">NB</subfield>
  </datafield>
  <datafield tag="980" ind1=" " ind2=" ">
    <subfield code="a">NBR</subfield>
  </datafield>
  <datafield tag="995" ind1=" " ind2=" ">
    <subfield code="5">2011-04-22</subfield>
    <subfield code="a">ad</subfield>
    <subfield code="b">NLR01</subfield>
    <subfield code="c">NLR01</subfield>
    <subfield code="e">RF8</subfield>
    <subfield code="f">3404989</subfield>
    <subfield code="k">2011-3/13678</subfield>
    <subfield code="o">0</subfield>
    <subfield code="r">BOOK</subfield>
    <subfield code="s">2011313678_</subfield>
  </datafield>
  <datafield tag="995" ind1=" " ind2=" ">
    <subfield code="5">2011-04-22</subfield>
    <subfield code="a">ad</subfield>
    <subfield code="b">NLR01</subfield>
    <subfield code="c">NLR01</subfield>
    <subfield code="e">RF8</subfield>
    <subfield code="f">3404990</subfield>
    <subfield code="k">2011-3/13678</subfield>
    <subfield code="o">0</subfield>
    <subfield code="r">BOOK</subfield>
    <subfield code="s">2011313678_</subfield>
  </datafield>
</record>
